| 000 | 00970nam a2200217 4500 | ||
|---|---|---|---|
| 010 | _aA-702040 | ||
| 020 | _a8170419069(Set) | ||
| 035 | _aA-702040 | ||
| 037 | _bCen Lib / Ret | ||
| 040 |
_aDPL _bEN |
||
| 082 |
_a640.3 _bENC |
||
| 245 |
_aEncyclopaedia of home science / _cedited by S. R. Sharma and Vijay Kaushik |
||
| 260 |
_aNew Delhi _bAnmol Publications Pvt Ltd _c1994 |
||
| 270 |
_a4374/4B, Ansari Road _bDarya Ganj New Delhi _e110002 |
||
| 300 |
_a7 v. ; (v 1. 274 ; v 2. 367 ; v 3. 337 ; v 5. 362 ; v 6. 251 ; v 7. 319 ) _b24cm(Hb) |
||
| 505 | _a7 v. ; (v 1. Principles of home science ; v 2. Food, nutrition and cookery ; v 3. Home management and house keeping ; v 4. Textile and laundry (not available) ; v 5 Nursing and health education ; v 6. Child development ; v 7. Human relationships ) | ||
| 650 | _a Home economics. | ||
| 650 | _aHome Science - Dictionary | ||
| 700 | _aKaushik, Vijay | ||
| 942 |
_2ddc _cEN _h640.3 _mENC |
||
| 999 |
_c136411 _d136411 |
||